Score 0/20 Timer 05:00
17 Plays Today
% Correct
Titanic
95.7%
Braveheart
94.1%
The Sound Of Music
91%
The Godfather
90.8%
Million Dollar Baby
89%
Lawrence Of Arabia
87.1%
One Flew Over The Cuckoo's Nest
86.7%
Slumdog Millionaire
86.7%
Rocky
86.2%
No Country For Old Men
85.5%
% Correct
Gandhi
85.2%
A Beautiful Mind
85%
Casablanca
84.7%
Shakespeare In Love
80.6%
West Side Story
80.5%
Rain Man
79.7%
The King's Speech
77.1%
Midnight Cowboy
74.7%
Terms Of Endearment
66.9%
It Happened One Night
62.9%
Remove Ads.
Support Sporcle.
Get the best of Sporcle when you Go Orange. This ad-free experience offers more features, more stats, and more fun while also helping to support Sporcle. Thank you for becoming a member.

You're not logged in!

Compare scores with friends on all Sporcle quizzes.
OR
Log In

Sporcle TV

Today on Sporcle TV


Watch our educational content, quiz creation guides, and fun videos on Sporcle TV.

Show Comments

Extras

Top Quizzes Today


Score Distribution

Paid Content

Your Account Isn't Verified!

In order to create a playlist on Sporcle, you need to verify the email address you used during registration. Go to your Sporcle Settings to finish the process.

Report this User

Report this user for behavior that violates our Community Guidelines.

Details: